000
00303nam a22001337a 4500
008
170524b xxu||||| |||| 00| 0 eng d
020
_a
9780070568358
041
_a
eng
080
_a
62
100
_a
26
101
_a
IM
245
_a
VECTOR MECHANICS FOR ENGINEERS
_c
SHELLEY.J.F
942
_2
udc
_c
BK
999
_c
13974
_d
13974